Java game programming for dummies (E-BOOK) (Record no. 192407)

000 -LEADER
fixed length control field 00901 a2200253 4500
003 - CONTROL NUMBER IDENTIFIER
control field Nust
005 - DATE AND TIME OF LATEST TRANSACTION
control field 20170207154037.0
010 ## - LIBRARY OF CONGRESS CONTROL NUMBER
LC control number 98084488
020 ## - INTERNATIONAL STANDARD BOOK NUMBER
International Standard Book Number 0764501682
035 ## - SYSTEM CONTROL NUMBER
System control number (OCoLC)38991180
040 ## - CATALOGING SOURCE
Transcribing agency Nust
082 00 - DEWEY DECIMAL CLASSIFICATION NUMBER
Classification number 794.8152762
100 1# - MAIN ENTRY--PERSONAL NAME
Personal name Holder, Wayne.
245 10 - TITLE STATEMENT
Title Java game programming for dummies (E-BOOK)
Statement of responsibility, etc. by Wayne Holder and Doug Bell.
260 ## - PUBLICATION, DISTRIBUTION, ETC.
Place of publication, distribution, etc. Foster City, CA :
Name of publisher, distributor, etc. IDG Books Worldwide,
Date of publication, distribution, etc. c1998.
300 ## - PHYSICAL DESCRIPTION
Extent xviii, 359 p. :
Other physical details ill. ;
Dimensions 24 cm. +
Accompanying material 1 computer laser optical disc (4 3/4 in.).
440 #0 - SERIES STATEMENT/ADDED ENTRY--TITLE
Title --For dummies
500 ## - GENERAL NOTE
General note Includes index.
505 ## - FORMATTED CONTENTS NOTE
Formatted contents note Introduction (Page-1) Part l: Steppin' Out(Page-5) Part II UP to Speed (Page-71) Part Ill: Seven League Boots (Page-215)
650 #0 - SUBJECT ADDED ENTRY--TOPICAL TERM
Topical term or geographic name entry element Computer games
General subdivision Programming.
650 #0 - SUBJECT ADDED ENTRY--TOPICAL TERM
Topical term or geographic name entry element Java (Computer program language)
651 ## - SUBJECT ADDED ENTRY--GEOGRAPHIC NAME
Geographic name Java game programming for dummies (E-BOOK)
700 1# - ADDED ENTRY--PERSONAL NAME
Personal name Bell, Doug,
Dates associated with a name 1944-
942 ## - ADDED ENTRY ELEMENTS (KOHA)
Source of classification or shelving scheme
Koha item type Book
Holdings
Withdrawn status Lost status Source of classification or shelving scheme Damaged status Not for loan Collection code Permanent Location Current Location Date acquired Total Checkouts Full call number Barcode Date last seen Price effective from Koha item type
            Military College of Signals (MCS) Military College of Signals (MCS) 12/12/2016   794.8152762 HOL MCSEB-272 12/08/2016 12/12/2016 Book
© 2023 Central Library, National University of Sciences and Technology. All Rights Reserved.